00421nam a2200133Ia 4500008004100000100002100041245005900062260000900121300003200130440002400162650001000186999001900196952007200215180117s9999 xx 000 0 und d aby Angelo Garcia aPreserving the Pages of Philippine History and Culture c2017 a14-16 pages, 2017 October 1 aPhilippine Panorama aPAGES c353308d353308 001040aCLbCLd2018-01-17l0r2018-01-17 00:00:00w2018-01-17ySE